000 01027nam a2200241Ia 4500
999 _c55974
_d55974
001 23073
003 GE_BSU
005 20230502114051.0
008 181216s1977ge xx |||||||||||||| ||geo||
040 _cGE_BSU
041 _ageo
080 _a821.14'01-1 ს-31
100 _aსაფო.
_917915
245 _aლირიკა /
_cსაფო, ძველბერძნ. თარგმნა, შესავ. წერილი, შენიშვნ. და სახელთა საძ. დაურთო ნ. ტონიამ
264 _aთბილისი ;
_bთბილ. უნ-ტის გამ-ბა,
_c1977.
300 _a242 გვ. ;
_b20 სმ.
501 _aსახელთა საძიებელი: გვ. 227-228. ლიტ. სია: გვ. 28-31.
541 _h2 ლ. 46თ.
653 _aანტიკური კულტურა
653 _aლირიკა
700 _a ტონია, ნ
_eმთარგმნელი
_917916
942 _cBK
_2udc